| 000 | 00520nam a22001817a 4500 | ||
|---|---|---|---|
| 999 |
_c190753 _d190753 |
||
| 005 | 20220804105130.0 | ||
| 010 | _aENG-134232 | ||
| 020 |
_c750.00 _a81-8289-036-5 |
||
| 035 | _aEN-117764 | ||
| 037 | _bDBAD/PUB | ||
| 082 | _a350 | ||
| 100 | _aDesai, Rajiv | ||
| 245 |
_aIntroducing public administration/ _cRajiv Desai |
||
| 260 |
_aJaipur _bIndian Publishing House _c2010 |
||
| 270 |
_a852, Mahaveer Nagar, Tank Road _bJaipur _e302003 |
||
| 300 |
_a285p. _c21cm(pbk) |
||
| 942 |
_2ddc _cEN _h350 _mDES |
||